The 100 : (Record no. 1207)

000 -LEADER
fixed length control field 01074nam a22003737a 4500
001 - CONTROL NUMBER
control field 5706313
003 - CONTROL NUMBER IDENTIFIER
control field LIBRIS
005 - DATE AND TIME OF LATEST TRANSACTION
control field 20210426114304.0
008 - FIXED-LENGTH DATA ELEMENTS--GENERAL INFORMATION
fixed length control field 011211s1987 xxu 000 0 eng c
020 ## - INTERNATIONAL STANDARD BOOK NUMBER
International Standard Book Number 0806510684 (inb.)
020 ## - INTERNATIONAL STANDARD BOOK NUMBER
International Standard Book Number 0806510579 (hft.)
040 ## - CATALOGING SOURCE
Original cataloging agency R
Language of cataloging eng
Transcribing agency DLC
041 ## - LANGUAGE CODE
Language code of text/sound track or separate title eng
080 ## - UNIVERSAL DECIMAL CLASSIFICATION NUMBER
Universal Decimal Classification number 94
Item number H-32
082 04 - DEWEY DECIMAL CLASSIFICATION NUMBER
Classification number 920.02
Edition number 22 (machine generated)
083 0# - ADDITIONAL DEWEY DECIMAL CLASSIFICATION NUMBER
Classification number 900
Edition number 22 (machine generated)
084 ## - OTHER CLASSIFICATION NUMBER
Classification number Ls
Number source kssb/6
084 ## - OTHER CLASSIFICATION NUMBER
Classification number K
Number source kssb/6
100 1# - MAIN ENTRY--PERSONAL NAME
Personal name Hart, Michael H.
245 04 - TITLE STATEMENT
Title The 100 :
Remainder of title a ranking of the most influential persons in history /
Statement of responsibility, etc. / by: Citadel Press
260 ## - PUBLICATION, DISTRIBUTION, ETC.
Place of publication, distribution, etc. Secaucus, N.J.
Name of publisher, distributor, etc. Citadel Press
Date of publication, distribution, etc. 1987
300 ## - PHYSICAL DESCRIPTION
Extent 572 p.
Other physical details ill.
365 ## - TRADE PRICE
Price amount 19.95 usd
650 #4 - SUBJECT ADDED ENTRY--TOPICAL TERM
Topical term or geographic name entry element Biografier
650 #0 - SUBJECT ADDED ENTRY--TOPICAL TERM
Topical term or geographic name entry element History
9 (RLIN) 252
650 #4 - SUBJECT ADDED ENTRY--TOPICAL TERM
Topical term or geographic name entry element Historia
653 ## - INDEX TERM--UNCONTROLLED
Uncontrolled term ისტორია
740 4# - ADDED ENTRY--UNCONTROLLED RELATED/ANALYTICAL TITLE
Uncontrolled related/analytical title The One hundred
740 2# - ADDED ENTRY--UNCONTROLLED RELATED/ANALYTICAL TITLE
Uncontrolled related/analytical title A ranking of the most influential persons in history
942 ## - ADDED ENTRY ELEMENTS (KOHA)
Source of classification or shelving scheme
Koha item type Books
Holdings
Withdrawn status Lost status Source of classification or shelving scheme Damaged status Not for loan Permanent location Current location Date acquired Inventory number Total Checkouts Full call number Barcode Date last seen Price effective from Koha item type
          Ken Walker International University Ken Walker International University 02/04/2021 1262   94 H-32 1262 02/04/2021 02/04/2021 Books

Powered by Koha